Discursos que pronunció en la Cámara de Diputados el Prebendado Don Joaquín Larraín Gandarillas, en los debates sobre la libertad de cultos: Revisados i anotados por el autor

Spremljeno u:
Bibliografski detalji
Glavni autor: Larraín Gandarillas, Joaquín (Autor)
Format: Knjiga
Jezik:španjolski
Izdano: Santiago Imprenta del Independiente, calle de los Huérfanos, Num. 64 1865
Izdanje:1a. ed
Teme:
Oznake: Dodaj oznaku
Bez oznaka, Budi prvi tko označuje ovaj zapis!

MARC

LEADER 00000nam a2200000 a 4500
001 UCJ4805
003 CL-VaPUC
008 070124e18650616CL |||||||||||||||||spa|d
082 0 4 |a 983  |b LAR  |2 21 
100 |a Larraín Gandarillas, Joaquín  |e author  |9 512872 
245 1 0 |a Discursos que pronunció en la Cámara de Diputados el Prebendado Don Joaquín Larraín Gandarillas, en los debates sobre la libertad de cultos: Revisados i anotados por el autor 
250 |a 1a. ed 
300 |a 147 p 
942 |c BK 
945 |d 20070124 00:00:00  |a rinostro 
260 |a Santiago  |b Imprenta del Independiente, calle de los Huérfanos, Num. 64  |c 1865 
500 |a Advierte errata. La copia N§.1 se encuentra empastada junto a otros folletos en un volumen rotulado S.D. JOAQUIN LARRAIN G.; ubicación, 983 LAR; las copias 2 y 3 se encuentran en estantería separada 
650 0 |a Discursos   |9 265028 
650 0 |a Libertad de cultos  |9 393446 
650 0 |a Iglesia Católica  |9 256114 
650 0 |a Estado  |9 255503 
650 0 |a Protestantismo  |9 317293 
650 7 |a CUESTIONES TEOLOGICAS  |2 CL-VaPUC  |9 508854 
583 |a last modification  |c 20070124 00:00:00  |k Rodrigo Vera 
999 |c 320920  |d 320918 
952 |0 0  |1 0  |4 0  |6 983_000000000000000_LAR_1865  |7 0  |8 X  |9 399554  |a FDOBUD  |b FDOBUD  |d 2019-11-22  |i 1026127  |o 983 LAR 1865  |p 1026127  |r 2019-11-22  |w 2019-11-22  |y BK_X  |k BUD 
952 |0 0  |1 0  |4 0  |6 983_000000000000000_LAR_1865  |7 0  |8 X  |9 399555  |a FDOBUD  |b FDOBUD  |d 2019-11-22  |i 1026143  |o 983 LAR 1865  |p 1026143  |r 2019-11-22  |w 2019-11-22  |y BK_X  |k BUD 
952 |0 0  |1 0  |4 0  |6 983_000000000000000_LAR_1865  |7 0  |8 X  |9 399556  |a FDOBUD  |b FDOBUD  |d 2019-11-22  |i 1040561  |o 983 LAR 1865  |p 1040561  |r 2019-11-22  |w 2019-11-22  |y BK_X  |k BUD